1644 1834 1181 1026 1442 1326 1963 1999 1241 1608 1678 1414 1205 1634 1263 1460 1491 1846 1176 1139 1210 1407 1106 1135 1979 1651 1509 1995 1163 1379 1337 1333 1134 1500 1051 1930 1104 1434 1742 1559 1312 1376 1276 1536 2000 1866 1755 1164 1379 1200 1304 1693 1466 1621 1696 1928 1390 1829 1675 1105 1280 1010 1171 1924 1841 1982 1253 1554 1800 1927 1354 1503 1157 1411 1697 1506 1488 1010 1691 1210 1058 1676 1866 1031 1405 1160 1812 1504 1996 1801 1432 1668 1822 1580 1614 1043 1983 1985 1950 BCNSPRNW ULIB Ver.6.0+V

เปลี่ยนเป็นภาษาไทย

Change to English
 แสดงรายละเอียดบรรณานุกรม
  กลับหน้าหลัก

Brief Record : Get Marc (ISO 2709) : E-mail record : QR code < ปิดหน้าต่าง
LEADER : 00000nam 2200000uu 4500
001    13399121957
003     ULIB
008    121217s2555||||th 000 0 tha d
020    ^a9789747533408
060  4 ^aWQ209^bข284
110 1  คณะอนุกรรมการอนามัยแม่และเด็ก วาระปี 2553-2555
245 00 ^aข้อแนะนำเรื่องสิ่งตรวจพบที่ปกติและผิดปกติจากการตรวจคลื่นเสียงความถี่สูงของทารกในครรภ์ =^bNormal and abnormal finding in fetal scan /^cโดย คณะอนุกรรมการอนามัยแม่และเด็ก วาระปี พ.ศ. 2553-2555 ; บรรณาธิการ จุฑาวดี วุฒิวงศ์ ... [และคนอื่นๆ]
246 30 ^aNormal and abnormal finding in fetal scan
246 30 ^aสิ่งตรวจพบที่ปกติและผิดปกติจากการตรวจคลื่นเสียงความถี่สูงของทารกในครรภ์
250    ^aพิมพ์ครั้งแรก
260    ^aกรุงเทพฯ :^bราชวิทยาลัยสูตินรีแพทย์แห่งประเทศไทย,^c2555
300    ^a48 หน้า :^bภาพประกอบ
650  7 ^aการวินิจฉัยก่อนคลอดด้วยคลื่นเสียงความถี่สูง
650  7 ^aการวินิจฉัยด้วยคลื่นเสียงความถี่สูง
650  7 ^aการวินิจฉัยก่อนคลอด
650  7 ^aคลื่นเสียงความถี่สูง
650  7 ^aทารกในครรภ์, การตรวจสภาพ
700 0  ^aจุฑาวดี วุฒิวงศ์,^eบรรณาธิการ
710 2  ^aราชวิทยาลัยสูตินรีแพทย์แห่งประเทศไทย.^bคณะอนุกรรมการอนามัยแม่และเด็ก
945    ^p100^l0^i033213
945    ^p100^l0^i033214
945    ^p100^l0^i033215
945    ^p100^l0^i033216
945    ^p100^l0^i033217
945    ^p100^l0^i033218
945    ^p100^l0^i033219
995    ^a เกษร
999    ^aใช้งานได้ทุกระบบ
รายการนี้ยังไม่มีแท็ก
คุณยังไม่ได้ล็อกอิน คุณสามารถมีกิจกรรมร่วมกับเว็บไซต์ได้ แต่ต้องล็อกอินก่อน ::
  ล็อกอิน

รายการสื่อสารสนเทศ

ลำดับที่ ประเภท เลขเรียก/บาร์โค้ด สถานที่ สถานะ
1. วิทยาศาสตร์การแพทย์ และสุขภาพ
หนังสือสำรอง
สถานะ=หนังสือสำรอง
WQ209 ข284 ฉ.1 
  Barcode: 033213
ห้องสมุดวิทยาเขตสวรรค์ประชารักษ์
►ส่วนจัดเก็บหนังสือเก่า สปร
บนชั้น
  ขอยืม
2. วิทยาศาสตร์การแพทย์ และสุขภาพ
วิทยาศาสตร์การแพทย์ และสุขภาพ
WQ209 ข284 ฉ.2 
  Barcode: 033214
ห้องสมุดวิทยาเขตสวรรค์ประชารักษ์
►ส่วนจัดเก็บหนังสือเก่า สปร
บนชั้น
  ขอยืม
3. วิทยาศาสตร์การแพทย์ และสุขภาพ
วิทยาศาสตร์การแพทย์ และสุขภาพ
WQ209 ข284 ฉ.3 
  Barcode: 033215
ห้องสมุดวิทยาเขตสวรรค์ประชารักษ์
►ส่วนจัดเก็บหนังสือเก่า สปร
บนชั้น
  ขอยืม
4. วิทยาศาสตร์การแพทย์ และสุขภาพ
วิทยาศาสตร์การแพทย์ และสุขภาพ
WQ209 ข284 ฉ.4 
  Barcode: 033216
ห้องสมุดวิทยาเขตสวรรค์ประชารักษ์
►ส่วนจัดเก็บหนังสือเก่า สปร
บนชั้น
  ขอยืม
5. วิทยาศาสตร์การแพทย์ และสุขภาพ
วิทยาศาสตร์การแพทย์ และสุขภาพ
WQ209 ข284 ฉ.5 
  Barcode: 033217
ห้องสมุดวิทยาเขตสวรรค์ประชารักษ์
►ส่วนจัดเก็บหนังสือเก่า สปร
บนชั้น
  ขอยืม
6. วิทยาศาสตร์การแพทย์ และสุขภาพ
วิทยาศาสตร์การแพทย์ และสุขภาพ
WQ209 ข284 ฉ.6 
  Barcode: 033218
ห้องสมุดวิทยาเขตสวรรค์ประชารักษ์
►ส่วนจัดเก็บหนังสือเก่า สปร
บนชั้น
  ขอยืม
7. วิทยาศาสตร์การแพทย์ และสุขภาพ
วิทยาศาสตร์การแพทย์ และสุขภาพ
WQ209 ข284 ฉ.7 
  Barcode: 033219
ห้องสมุดวิทยาเขตสวรรค์ประชารักษ์
►ส่วนจัดเก็บหนังสือเก่า สปร
บนชั้น
  ขอยืม

รายการใกล้เคียง
    หัวเรื่อง [การวินิจฉัยก่อนคลอดด้วยคลื่นเสียงความถี่สูง]
    หัวเรื่อง [การวินิจฉัยด้วยคลื่นเสียงความถี่สูง]
    หัวเรื่อง [การวินิจฉัยก่อนคลอด]
    หัวเรื่อง [คลื่นเสียงความถี่สูง]
    หัวเรื่อง [ทารกในครรภ์, การตรวจสภาพ]

BibComment


ยังไม่เคยถูกคอมเมนท์

คอมเมนท์ทรัพยากรรายการนี้
  คอมเมนท์: ข้อแนะนำเรื่องสิ..


 Copyright 2026. Bcnsprnw @Library